Outside / Lucy Dickens. (Record no. 113196)

MARC details
000 -LÍDER
campo de controle de tamanho fixo 00633 a2200241 4500
001 - NÚMERO DE CONTROLE
campo de controle 113196
020 ## - ISBN - INTERNATIONAL STANDARD BOOK NUMBER
ISBN - International Standard Book Number 0670839280
041 ## - CÓDIGO DE IDIOMA
Código do idioma do texto/trilha sonora ou título diferente por
082 ## - CDD - CLASSIFICAÇÃO DECIMAL DE DEWEY
Número de Classificação 999999
040 ## - FONTE DA CATALOGAÇÃO
Instituição da catalogação original BR-BrIDEA
Instituição que transcreveu o registro BR-BrIDEA
090 ## - NÚMERO DE CHAMADA LOCAL
Número de chamada (OCLC) (R); Número de chamada, CALL (RLIN) (NR) AP Toddler [E]
Número Cutter local (OCLC); Número de classificação do livro, CALL (RLIN) DIC
100 ## - ENTRADA PRINCIPAL--NOME PESSOAL
Nome pessoal Dickens, Lucy.
250 ## - EDIÇÃO
Edição 1st American ed.
245 10 - TÍTULO
Título Outside / Lucy Dickens.
Indicação de responsabilidade, etc. Lucy Dickens
260 ## - PUBLICAÇÃO, DISTRIBUIÇÃO, ETC.
Local de publicação, distribuição, etc. [s.l.]
Nome do editor, distribuidor, etc. Viking
Data da publicação, distribuição, etc. 1991
300 ## - DESCRIÇÃO FÍSICA
Extensão [10] p.
490 ## - TÍTULO DA SÉRIE
Título da série My sister and me
697 ## - ENTRADA DE ASSUNTO LOCAL--ENTIDADE COLETIVA (RLIN)
Nome corporativo ou nome da jurisdição Illustrated books, Children's.
697 ## - ENTRADA DE ASSUNTO LOCAL--ENTIDADE COLETIVA (RLIN)
Nome corporativo ou nome da jurisdição Picture-books for children - Educational aspects.
830 ## - ENTRADA SECUNDÁRIA DE SÉRIE--TÍTULO UNIFORME
Título uniforme My sister and me
856 ## - LOCALIZAÇÃO ELETRÔNICA E ACESSO
Uniform Resource Identifier <a href="000023/00002303.jpg">000023/00002303.jpg</a>
942 ## - ELEMENTOS DE ENTRADA ADICIONADOS (KOHA)
Tipo de material Koha Livros
Holdings
Situação do descarte Situação das perdas Fonte da classificação ou esquema de arquivamento na estante Situação física Não pode ser emprestado Biblioteca de origem Biblioteca atual Data de aquisição Total de empréstimos Número de chamada completo Código de barras Data de último acesso Data do preço efetivo Tipo de material Koha Data do último empréstimo
    Classificação Decimal de Dewey     ECB - SUDOESTE ECB - SUDOESTE 26/02/2019   Toddler [E] DIC 00042683SSW 23/01/2024 23/01/2024 Livros  
    Classificação Decimal de Dewey     ECB - ÁGUAS CLARAS ECB - ÁGUAS CLARAS 26/02/2019 6 AP Toddler [E] DIC 00042690AGC 21/06/2024 23/01/2024 Livros 14/06/2024